[Event "65+ World Senior Team Championship"]
[Site "chess24.com"]
[Date "2017.04.24"]
[Round "1"]
[White "Just, Joachim"]
[Black "Sveshnikov, Evgeny"]
[Result "0-1"]
[Board "1"]
[WhiteElo "1940"]
[WhiteCountry "GER"]
[WhiteFideId "4648102"]
[WhiteEloChange "-2"]
[BlackElo "2498"]
[BlackTitle "GM"]
[BlackCountry "RUS"]
[BlackFideId "4100638"]
[BlackEloChange "1"]

1. d4 {[%clk 1:30:59]} d5 {[%clk 1:30:52]} 2. Nf3 {[%clk 1:31:05]} Nf6 {[%clk
1:30:28]} 3. Bf4 {[%clk 1:31:13]} c5 {[%clk 1:30:17]} 4. dxc5 {[%clk 1:29:01]}
Na6 {[%clk 1:28:26]} 5. Na3 {[%clk 1:28:18]} Nxc5 {[%clk 1:28:00]} 6. c3 {[%clk
1:27:41]} g6 {[%clk 1:21:57]} 7. h3 {[%clk 1:22:08]} Bg7 {[%clk 1:19:17]} 8. Be5
{[%clk 1:19:39]} O-O {[%clk 1:19:03]} 9. Nd4 {[%clk 1:17:52]} Qb6 {[%clk
1:08:43]} 10. Nab5 {[%clk 1:12:51]} Nfe4 {[%clk 1:07:56]} 11. Bxg7 {[%clk
1:11:44]} Kxg7 {[%clk 1:08:21]} 12. a4 {[%clk 1:10:27]} a6 {[%clk 1:08:24]} 13.
a5 {[%clk 1:10:31]} Qf6 {[%clk 1:08:45]} 14. f3 {[%clk 1:10:13]} Qh4+ {[%clk
1:09:07]} 0-1

[Event "65+ World Senior Team Championship"]
[Site "chess24.com"]
[Date "2017.04.24"]
[Round "1"]
[White "Balashov, Yuri S"]
[Black "Hollstein, Joachim"]
[Result "1-0"]
[Board "2"]
[WhiteElo "2408"]
[WhiteTitle "GM"]
[WhiteCountry "RUS"]
[WhiteFideId "4100263"]
[WhiteEloChange "1"]
[BlackElo "2082"]
[BlackCountry "GER"]
[BlackFideId "24601217"]
[BlackEloChange "-3"]

1. e4 {[%clk 1:30:55]} c6 {[%clk 1:30:46]} 2. d4 {[%clk 1:30:50]} d5 {[%clk
1:31:11]} 3. e5 {[%clk 1:30:57]} Bf5 {[%clk 1:31:34]} 4. Nf3 {[%clk 1:31:02]} e6
{[%clk 1:31:09]} 5. Be2 {[%clk 1:31:08]} Qb6 {[%clk 1:31:03]} 6. O-O {[%clk
1:30:30]} c5 {[%clk 1:31:23]} 7. Nc3 {[%clk 1:29:54]} Nc6 {[%clk 1:30:05]} 8. Na4
{[%clk 1:25:59]} Qa5 {[%clk 1:28:16]} 9. Nxc5 {[%clk 1:19:42]} Bxc5 {[%clk
1:26:59]} 10. dxc5 {[%clk 1:20:07]} Qxc5 {[%clk 1:27:05]} 11. c3 {[%clk 1:20:28]}
Nge7 {[%clk 1:23:02]} 12. Qa4 {[%clk 1:18:15]} Qa5 {[%clk 1:12:42]} 13. Qxa5
{[%clk 1:17:54]} Nxa5 {[%clk 1:13:10]} 14. Nd4 {[%clk 1:17:41]} a6 {[%clk
1:11:01]} 15. Re1 {[%clk 1:16:05]} Bg6 {[%clk 1:08:28]} 16. Bf1 {[%clk 1:14:30]}
Rc8 {[%clk 1:05:52]} 17. b3 {[%clk 1:09:01]} Kd7 {[%clk 0:59:59]} 18. Ba3 {[%clk
1:08:07]} Nf5 {[%clk 0:58:49]} 19. Ne2 {[%clk 1:07:29]} f6 {[%clk 0:51:42]} 20.
Nf4 {[%clk 1:06:42]} Bf7 {[%clk 0:51:24]} 21. Rad1 {[%clk 0:55:33]} Nc6 {[%clk
0:47:19]} 22. c4 {[%clk 0:52:12]} d4 {[%clk 0:44:58]} 23. Nd3 {[%clk 0:52:33]} b6
{[%clk 0:44:10]} 24. h3 {[%clk 0:51:16]} h5 {[%clk 0:39:46]} 25. g3 {[%clk
0:51:33]} Rcd8 {[%clk 0:35:20]} 26. Bg2 {[%clk 0:51:29]} Rhe8 {[%clk 0:33:49]}
27. Bc1 {[%clk 0:49:23]} Nfe7 {[%clk 0:30:12]} 28. h4 {[%clk 0:47:45]} Bg6 {[%clk
0:22:00]} 29. exf6 {[%clk 0:47:24]} gxf6 {[%clk 0:22:19]} 30. Nf4 {[%clk
0:47:11]} e5 {[%clk 0:22:34]} 31. Nxg6 {[%clk 0:42:45]} Nxg6 {[%clk 0:23:01]} 32.
Bd2 {[%clk 0:42:38]} Kd6 {[%clk 0:19:28]} 33. b4 {[%clk 0:42:46]} Nce7 {[%clk
0:15:43]} 34. a4 {[%clk 0:39:49]} Rc8 {[%clk 0:13:05]} 35. Rc1 {[%clk 0:39:56]}
f5 {[%clk 0:13:01]} 36. c5+ {[%clk 0:38:55]} bxc5 {[%clk 0:12:44]} 37. bxc5+
{[%clk 0:39:18]} Ke6 {[%clk 0:12:54]} 38. c6 {[%clk 0:36:07]} e4 {[%clk 0:11:14]}
39. c7 {[%clk 0:35:48]} Ne5 {[%clk 0:10:40]} 40. Rc2 {[%clk 1:02:32]} Nd5 {[%clk
0:39:30]} 41. Rec1 {[%clk 1:02:07]} Re7 {[%clk 0:35:35]} 42. Ba5 {[%clk 1:02:04]}
d3 {[%clk 0:35:26]} 43. Rb2 {[%clk 1:01:31]} Kd6 {[%clk 0:26:36]} 44. Bh3 {[%clk
0:57:39]} Rf7 {[%clk 0:24:58]} 45. Rb8 {[%clk 0:57:12]} Rcxc7 {[%clk 0:21:22]}
46. Rd8+ {[%clk 0:54:27]} Rcd7 {[%clk 0:21:37]} 47. Ra8 {[%clk 0:53:54]} Nf3+
{[%clk 0:19:06]} 48. Kf1 {[%clk 0:53:24]} Ke5 {[%clk 0:17:21]} 49. Rh8 {[%clk
0:52:54]} Kd4 {[%clk 0:17:11]} 50. Rxh5 {[%clk 0:52:22]} d2 {[%clk 0:17:24]} 51.
Rd1 {[%clk 0:47:03]} Nc3 {[%clk 0:14:01]} 52. Bxc3+ {[%clk 0:44:59]} Kxc3 {[%clk
0:14:30]} 53. Bxf5 {[%clk 0:43:33]} Kc2 {[%clk 0:12:25]} 54. Bxd7 {[%clk
0:43:48]} Kxd1 {[%clk 0:12:50]} 55. Rd5 {[%clk 0:43:45]} Nh2+ {[%clk 0:12:02]}
56. Kg2 {[%clk 0:43:47]} Ke1 {[%clk 0:12:17]} 57. Kxh2 {[%clk 0:43:25]} Rxf2+
{[%clk 0:12:45]} 58. Kh3 {[%clk 0:43:47]} e3 {[%clk 0:13:08]} 59. Bg4 {[%clk
0:43:13]} e2 {[%clk 0:12:32]} 60. h5 {[%clk 0:43:16]} d1Q {[%clk 0:08:13]} 61.
Rxd1+ {[%clk 0:43:39]} exd1Q {[%clk 0:08:17]} 62. Bxd1 {[%clk 0:44:05]} Kxd1
{[%clk 0:08:46]} 63. g4 {[%clk 0:44:24]} Ke2 {[%clk 0:08:34]} 64. h6 {[%clk
0:44:15]} Kf3 {[%clk 0:08:31]} 65. h7 {[%clk 0:43:12]} 1-0

[Event "65+ World Senior Team Championship"]
[Site "chess24.com"]
[Date "2017.04.24"]
[Round "1"]
[White "Baumbach, Friedrich, Dr."]
[Black "Zhelnin, Vladimir V"]
[Result "0-1"]
[Board "3"]
[WhiteElo "2196"]
[WhiteTitle "FM"]
[WhiteCountry "GER"]
[WhiteFideId "4611721"]
[WhiteEloChange "-4"]
[BlackElo "2455"]
[BlackTitle "IM"]
[BlackCountry "RUS"]
[BlackFideId "4105567"]
[BlackEloChange "2"]

1. d4 {[%clk 1:30:58]} g6 {[%clk 1:30:06]} 2. c4 {[%clk 1:31:16]} Bg7 {[%clk
1:30:21]} 3. Nc3 {[%clk 1:31:29]} d6 {[%clk 1:30:01]} 4. e4 {[%clk 1:31:25]} Nc6
{[%clk 1:27:55]} 5. Nf3 {[%clk 1:27:53]} Bg4 {[%clk 1:24:51]} 6. Be3 {[%clk
1:23:51]} e5 {[%clk 1:21:41]} 7. d5 {[%clk 1:20:16]} Nd4 {[%clk 1:21:45]} 8. Be2
{[%clk 1:20:00]} Bxf3 {[%clk 1:08:24]} 9. Bxf3 {[%clk 1:18:59]} Ne7 {[%clk
1:08:29]} 10. Qa4+ {[%clk 1:08:34]} c6 {[%clk 1:02:46]} 11. O-O {[%clk 1:05:35]}
O-O {[%clk 1:01:13]} 12. Rad1 {[%clk 0:58:19]} a6 {[%clk 0:51:39]} 13. dxc6
{[%clk 0:52:13]} bxc6 {[%clk 0:51:22]} 14. c5 {[%clk 0:47:44]} dxc5 {[%clk
0:47:38]} 15. Qc4 {[%clk 0:47:11]} Qa5 {[%clk 0:47:00]} 16. Na4 {[%clk 0:45:05]}
Rab8 {[%clk 0:45:39]} 17. Bd2 {[%clk 0:36:58]} Qb5 {[%clk 0:42:50]} 18. Rc1
{[%clk 0:36:45]} Rfd8 {[%clk 0:34:46]} 19. Bg5 {[%clk 0:33:53]} Qxc4 {[%clk
0:31:27]} 20. Rxc4 {[%clk 0:34:21]} f6 {[%clk 0:30:53]} 21. Be3 {[%clk 0:33:26]}
f5 {[%clk 0:27:41]} 22. b3 {[%clk 0:31:52]} Rb4 {[%clk 0:25:29]} 23. Nxc5 {[%clk
0:25:18]} Rxc4 {[%clk 0:25:12]} 24. bxc4 {[%clk 0:25:44]} a5 {[%clk 0:21:54]} 25.
Rb1 {[%clk 0:24:29]} f4 {[%clk 0:21:16]} 26. Bxd4 {[%clk 0:21:19]} Rxd4 {[%clk
0:17:16]} 27. Bg4 {[%clk 0:19:04]} Kf7 {[%clk 0:13:37]} 28. h4 {[%clk 0:16:22]}
h5 {[%clk 0:12:49]} 29. Be6+ {[%clk 0:16:22]} Kf6 {[%clk 0:12:49]} 30. Kh2 {[%clk
0:12:01]} Rd6 {[%clk 0:12:25]} 31. Bh3 {[%clk 0:12:05]} Kf7 {[%clk 0:11:03]} 32.
Rb7 {[%clk 0:11:56]} Bf6 {[%clk 0:11:16]} 33. Nd7 {[%clk 0:11:11]} Rd2 {[%clk
0:08:24]} 34. a4 {[%clk 0:07:09]} Rxf2 {[%clk 0:07:53]} 35. Ra7 {[%clk 0:07:24]}
Rc2 {[%clk 0:05:11]} 36. Kg1 {[%clk 0:06:51]} Rxc4 {[%clk 0:04:43]} 37. Rxa5
{[%clk 0:07:08]} Rxe4 {[%clk 0:04:52]} 38. Nc5 {[%clk 0:07:18]} Re1+ {[%clk
0:05:08]} 39. Kf2 {[%clk 0:07:28]} Bxh4+ {[%clk 0:05:24]} 40. Kf3 {[%clk
0:37:56]} Re3# {[%clk 0:05:24]} 0-1

[Event "65+ World Senior Team Championship"]
[Site "chess24.com"]
[Date "2017.04.24"]
[Round "1"]
[White "Pushkov, Nikolai"]
[Black "Mai, Hartmut"]
[Result "1-0"]
[Board "4"]
[WhiteElo "2335"]
[WhiteTitle "GM"]
[WhiteCountry "RUS"]
[WhiteFideId "4117131"]
[WhiteEloChange "2"]
[BlackElo "1943"]
[BlackCountry "GER"]
[BlackFideId "1271664"]
[BlackEloChange "-2"]

1. Nf3 {[%clk 1:30:52]} d5 {[%clk 1:30:50]} 2. d4 {[%clk 1:31:16]} Nf6 {[%clk
1:31:10]} 3. c4 {[%clk 1:31:41]} e6 {[%clk 1:31:22]} 4. Nc3 {[%clk 1:32:03]} Be7
{[%clk 1:30:59]} 5. Bg5 {[%clk 1:32:15]} c6 {[%clk 1:31:02]} 6. e3 {[%clk
1:32:33]} Ne4 {[%clk 1:30:47]} 7. Bxe7 {[%clk 1:32:36]} Qxe7 {[%clk 1:31:01]} 8.
Qc2 {[%clk 1:31:42]} Nxc3 {[%clk 1:31:11]} 9. Qxc3 {[%clk 1:32:10]} Nd7 {[%clk
1:30:42]} 10. cxd5 {[%clk 1:30:30]} exd5 {[%clk 1:30:11]} 11. Bd3 {[%clk
1:30:29]} O-O {[%clk 1:30:11]} 12. O-O {[%clk 1:30:29]} Re8 {[%clk 1:21:43]} 13.
b4 {[%clk 1:28:55]} Nf8 {[%clk 1:20:26]} 14. b5 {[%clk 1:28:12]} Bd7 {[%clk
1:19:25]} 15. bxc6 {[%clk 1:28:24]} Bxc6 {[%clk 1:19:25]} 16. Ne5 {[%clk
1:28:33]} Rec8 {[%clk 1:14:00]} 17. Nxc6 {[%clk 1:27:57]} Rxc6 {[%clk 1:13:30]}
18. Qa5 {[%clk 1:27:38]} Qd6 {[%clk 1:10:53]} 19. Rfc1 {[%clk 1:25:08]} a6 {[%clk
1:04:11]} 20. Rxc6 {[%clk 1:11:32]} Qxc6 {[%clk 1:03:48]} 21. Rb1 {[%clk
1:09:50]} b5 {[%clk 0:57:52]} 22. a4 {[%clk 1:09:37]} bxa4 {[%clk 0:55:45]} 23.
Ra1 {[%clk 1:09:28]} Ne6 {[%clk 0:52:01]} 24. Rxa4 {[%clk 1:06:31]} Qc1+ {[%clk
0:48:36]} 25. Bf1 {[%clk 1:06:57]} Qc6 {[%clk 0:43:55]} 26. Ra3 {[%clk 1:05:32]}
g6 {[%clk 0:43:43]} 27. Qb4 {[%clk 1:02:46]} Ng5 {[%clk 0:40:56]} 28. Rc3 {[%clk
1:01:24]} Qd7 {[%clk 0:36:52]} 29. f3 {[%clk 0:59:56]} a5 {[%clk 0:34:15]} 30.
Qb5 {[%clk 0:59:22]} Qxb5 {[%clk 0:20:36]} 31. Bxb5 {[%clk 0:59:46]} Ne6 {[%clk
0:18:53]} 32. Ra3 {[%clk 0:52:45]} Nc7 {[%clk 0:18:28]} 33. Bd3 {[%clk 0:53:10]}
Kf8 {[%clk 0:18:22]} 34. Kf2 {[%clk 0:53:01]} Ke7 {[%clk 0:18:39]} 35. e4 {[%clk
0:53:15]} f6 {[%clk 0:17:15]} 36. Ke3 {[%clk 0:52:47]} Kd6 {[%clk 0:16:31]} 37.
h4 {[%clk 0:50:49]} Ke6 {[%clk 0:10:57]} 38. g4 {[%clk 0:50:10]} Kd6 {[%clk
0:08:41]} 39. g5 {[%clk 0:48:12]} fxg5 {[%clk 0:08:28]} 40. hxg5 {[%clk 0:48:40]}
Ne6 {[%clk 0:06:14]} 41. e5+ {[%clk 1:13:36]} Ke7 {[%clk 0:36:28]} 42. f4 {[%clk
1:14:02]} Ra7 {[%clk 0:36:25]} 43. Bb5 {[%clk 1:12:04]} Nc7 {[%clk 0:36:11]} 44.
Ba4 {[%clk 1:11:55]} Na6 {[%clk 0:33:47]} 45. Rc3 {[%clk 1:10:26]} Nb4 {[%clk
0:33:00]} 46. f5 {[%clk 1:08:13]} gxf5 {[%clk 0:33:08]} 47. Kf4 {[%clk 1:08:32]}
Ke6 {[%clk 0:33:10]} 48. Rh3 {[%clk 1:08:49]} Rg7 {[%clk 0:27:51]} 49. Rh6+
{[%clk 1:08:27]} Ke7 {[%clk 0:27:27]} 50. Kxf5 {[%clk 1:07:20]} Rf7+ {[%clk
0:27:40]} 51. Rf6 {[%clk 1:02:01]} Rg7 {[%clk 0:27:22]} 52. Re6+ {[%clk 1:00:04]}
Kf8 {[%clk 0:24:24]} 53. Re8+ {[%clk 1:00:04]} 1-0

[Event "65+ World Senior Team Championship"]
[Site "chess24.com"]
[Date "2017.04.24"]
[Round "1"]
[White "Sharif, Mehrshad"]
[Black "Kolbak, Jens"]
[Result "0-1"]
[Board "1"]
[WhiteElo "2385"]
[WhiteTitle "IM"]
[WhiteCountry "FRA"]
[WhiteFideId "600121"]
[WhiteEloChange "-15"]
[BlackElo "2216"]
[BlackCountry "DEN"]
[BlackFideId "1400339"]
[BlackEloChange "15"]

1. Nf3 {[%clk 1:30:55]} Nf6 {[%clk 1:30:42]} 2. g3 {[%clk 1:31:12]} g6 {[%clk
1:31:00]} 3. b3 {[%clk 1:31:02]} Bg7 {[%clk 1:31:13]} 4. Bb2 {[%clk 1:31:20]} O-O
{[%clk 1:31:13]} 5. Bg2 {[%clk 1:31:37]} d5 {[%clk 1:25:40]} 6. c4 {[%clk
1:31:33]} c6 {[%clk 1:25:12]} 7. O-O {[%clk 1:31:35]} a5 {[%clk 1:24:34]} 8. d3
{[%clk 1:31:37]} Na6 {[%clk 1:23:39]} 9. a3 {[%clk 1:27:04]} Bf5 {[%clk 1:17:49]}
10. Nbd2 {[%clk 1:25:08]} h6 {[%clk 1:14:00]} 11. Qc2 {[%clk 1:24:18]} g5 {[%clk
1:11:26]} 12. Rad1 {[%clk 1:22:42]} Rc8 {[%clk 1:09:16]} 13. e4 {[%clk 1:22:04]}
Bg4 {[%clk 1:05:00]} 14. h3 {[%clk 1:21:21]} Bxf3 {[%clk 1:05:19]} 15. Nxf3
{[%clk 1:21:00]} e6 {[%clk 1:04:32]} 16. Ne5 {[%clk 1:11:13]} Nc5 {[%clk
1:00:22]} 17. Bd4 {[%clk 1:02:27]} Na6 {[%clk 0:54:55]} 18. Qb2 {[%clk 0:57:58]}
c5 {[%clk 0:53:06]} 19. Bc3 {[%clk 0:57:27]} d4 {[%clk 0:51:49]} 20. Bd2 {[%clk
0:54:34]} Nh5 {[%clk 0:48:07]} 21. Nf3 {[%clk 0:54:47]} b6 {[%clk 0:47:20]} 22.
e5 {[%clk 0:52:30]} Nb8 {[%clk 0:41:51]} 23. Rde1 {[%clk 0:48:29]} Nd7 {[%clk
0:34:53]} 24. Qc1 {[%clk 0:41:32]} f6 {[%clk 0:27:27]} 25. exf6 {[%clk 0:39:25]}
Qxf6 {[%clk 0:27:35]} 26. h4 {[%clk 0:34:38]} g4 {[%clk 0:25:03]} 27. Nh2 {[%clk
0:35:00]} Ne5 {[%clk 0:25:18]} 28. Rxe5 {[%clk 0:35:21]} Qxe5 {[%clk 0:25:37]}
29. Nxg4 {[%clk 0:35:36]} Qe2 {[%clk 0:23:52]} 30. Nxh6+ {[%clk 0:32:34]} Kh8
{[%clk 0:24:19]} 31. Be4 {[%clk 0:22:02]} Nxg3 {[%clk 0:23:07]} 32. fxg3 {[%clk
0:22:03]} Rxf1+ {[%clk 0:23:30]} 33. Qxf1 {[%clk 0:22:21]} Qxd2 {[%clk 0:23:50]}
34. Nf7+ {[%clk 0:19:36]} Kg8 {[%clk 0:24:15]} 35. Bg6 {[%clk 0:19:25]} Rf8
{[%clk 0:21:55]} 36. Kh1 {[%clk 0:16:59]} Qe3 {[%clk 0:20:29]} 37. Kg2 {[%clk
0:16:22]} Be5 {[%clk 0:18:27]} 38. Qf3 {[%clk 0:16:41]} Qxf3+ {[%clk 0:18:48]}
39. Kxf3 {[%clk 0:17:09]} Rxf7+ {[%clk 0:19:13]} 40. Bxf7+ {[%clk 0:47:29]} Kxf7
{[%clk 0:49:40]} 41. g4 {[%clk 0:46:52]} Kf6 {[%clk 0:46:48]} 42. Kg2 {[%clk
0:46:44]} Bf4 {[%clk 0:43:34]} 43. Kf3 {[%clk 0:47:00]} Bd6 {[%clk 0:42:38]} 44.
Kg2 {[%clk 0:46:53]} Kg6 {[%clk 0:39:48]} 45. Kf3 {[%clk 0:47:03]} Kf6 {[%clk
0:38:11]} 46. Kg2 {[%clk 0:47:22]} Bf4 {[%clk 0:37:31]} 47. Kf3 {[%clk 0:47:34]}
Bc1 {[%clk 0:37:47]} 48. a4 {[%clk 0:47:34]} Ke5 {[%clk 0:37:47]} 49. Kg3 {[%clk
0:46:34]} Bd2 {[%clk 0:37:55]} 0-1

[Event "65+ World Senior Team Championship"]
[Site "chess24.com"]
[Date "2017.04.24"]
[Round "1"]
[White "Olesen, Poul Erik Norgaard"]
[Black "Seret, Jean-Luc"]
[Result "0-1"]
[Board "2"]
[WhiteElo "2028"]
[WhiteCountry "DEN"]
[WhiteFideId "1404253"]
[WhiteEloChange "-2"]
[BlackElo "2381"]
[BlackTitle "IM"]
[BlackCountry "FRA"]
[BlackFideId "600210"]
[BlackEloChange "2"]

1. e4 {[%clk 1:30:57]} d6 {[%clk 1:30:31]} 2. d4 {[%clk 1:31:06]} Nf6 {[%clk
1:30:50]} 3. Nc3 {[%clk 1:31:13]} e5 {[%clk 1:31:00]} 4. Nf3 {[%clk 1:31:20]}
Nbd7 {[%clk 1:31:11]} 5. Be2 {[%clk 1:27:25]} Be7 {[%clk 1:31:09]} 6. h3 {[%clk
1:27:18]} O-O {[%clk 1:30:57]} 7. O-O {[%clk 1:26:42]} c6 {[%clk 1:30:57]} 8. a4
{[%clk 1:26:34]} b6 {[%clk 1:28:56]} 9. Bg5 {[%clk 1:23:46]} a6 {[%clk 1:25:53]}
10. Qd2 {[%clk 1:20:05]} Bb7 {[%clk 1:22:40]} 11. Rfe1 {[%clk 1:13:14]} h6 {[%clk
1:18:42]} 12. Bh4 {[%clk 1:06:05]} Qc7 {[%clk 1:17:45]} 13. Bf1 {[%clk 1:02:01]}
Rad8 {[%clk 1:16:52]} 14. g4 {[%clk 0:57:07]} Rfe8 {[%clk 1:14:13]} 15. Bg3
{[%clk 0:55:53]} Bf8 {[%clk 1:11:45]} 16. Bg2 {[%clk 0:51:35]} b5 {[%clk
1:09:58]} 17. axb5 {[%clk 0:44:02]} axb5 {[%clk 1:09:00]} 18. g5 {[%clk 0:39:35]}
hxg5 {[%clk 1:08:05]} 19. Nxg5 {[%clk 0:35:57]} g6 {[%clk 1:05:24]} 20. Nf3
{[%clk 0:27:23]} Bg7 {[%clk 0:59:19]} 21. Rad1 {[%clk 0:25:43]} Qb6 {[%clk
0:54:13]} 22. Bh4 {[%clk 0:22:11]} Ra8 {[%clk 0:52:49]} 23. b3 {[%clk 0:20:30]}
Qa5 {[%clk 0:50:36]} 24. dxe5 {[%clk 0:10:35]} dxe5 {[%clk 0:50:46]} 25. Qe3
{[%clk 0:07:52]} Bf8 {[%clk 0:50:36]} 26. Nd2 {[%clk 0:06:15]} Nh5 {[%clk
0:46:52]} 27. Ndb1 {[%clk 0:04:03]} Qc7 {[%clk 0:46:33]} 28. Bg5 {[%clk 0:04:09]}
Nc5 {[%clk 0:46:08]} 29. Bf3 {[%clk 0:04:06]} Nf4 {[%clk 0:45:26]} 30. Bxf4
{[%clk 0:04:03]} exf4 {[%clk 0:45:52]} 31. Qc1 {[%clk 0:03:59]} Bg7 {[%clk
0:44:47]} 32. Ne2 {[%clk 0:03:54]} Be5 {[%clk 0:45:05]} 33. Nd4 {[%clk 0:03:30]}
Bxd4 {[%clk 0:42:22]} 34. Rxd4 {[%clk 0:03:47]} Qe5 {[%clk 0:42:35]} 35. Qd1
{[%clk 0:02:34]} Ne6 {[%clk 0:42:31]} 36. Rd7 {[%clk 0:02:30]} Bc8 {[%clk
0:38:20]} 37. Rd6 {[%clk 0:02:32]} Ra1 {[%clk 0:38:14]} 38. Qd2 {[%clk 0:02:24]}
Ng5 {[%clk 0:37:54]} 39. Bg2 {[%clk 0:01:38]} f3 {[%clk 0:36:41]} 40. h4 {[%clk
0:31:34]} Nxe4 {[%clk 1:06:25]} 41. Rd8 {[%clk 0:30:10]} Rxb1 {[%clk 1:05:06]}
0-1

[Event "65+ World Senior Team Championship"]
[Site "chess24.com"]
[Date "2017.04.24"]
[Round "1"]
[White "Giffard, Nicolas"]
[Black "Jorgensen, Arne Bjorn"]
[Result "1/2-1/2"]
[Board "3"]
[WhiteElo "2257"]
[WhiteTitle "IM"]
[WhiteCountry "FRA"]
[WhiteFideId "600571"]
[WhiteEloChange "-7"]
[BlackElo "1952"]
[BlackCountry "DEN"]
[BlackFideId "1406680"]
[BlackEloChange "7"]

1. d4 {[%clk 1:30:53]} f5 {[%clk 1:30:56]} 2. Bf4 {[%clk 1:30:11]} Nf6 {[%clk
1:31:00]} 3. e3 {[%clk 1:30:16]} g6 {[%clk 1:31:06]} 4. Nf3 {[%clk 1:29:28]} Bg7
{[%clk 1:31:28]} 5. Bc4 {[%clk 1:28:05]} d5 {[%clk 1:30:04]} 6. Bb3 {[%clk
1:27:30]} O-O {[%clk 1:28:20]} 7. O-O {[%clk 1:27:42]} Be6 {[%clk 1:27:30]} 8.
Ng5 {[%clk 1:26:12]} Bf7 {[%clk 1:27:09]} 9. c4 {[%clk 1:25:25]} c6 {[%clk
1:25:39]} 10. Nc3 {[%clk 1:24:53]} e6 {[%clk 1:24:49]} 11. c5 {[%clk 1:15:37]} h6
{[%clk 1:22:05]} 12. Nh3 {[%clk 1:11:25]} g5 {[%clk 1:17:46]} 13. Bd6 {[%clk
1:11:43]} Re8 {[%clk 1:17:51]} 14. Bc2 {[%clk 1:10:47]} Nbd7 {[%clk 1:14:53]} 15.
b4 {[%clk 1:09:46]} a6 {[%clk 1:11:56]} 16. f3 {[%clk 1:08:04]} Bf8 {[%clk
1:01:35]} 17. Bxf8 {[%clk 1:08:03]} Rxf8 {[%clk 1:01:22]} 18. Nf2 {[%clk
1:06:39]} Kg7 {[%clk 0:58:00]} 19. a4 {[%clk 1:06:37]} Bg6 {[%clk 0:56:40]} 20.
Nd3 {[%clk 1:04:51]} Qe7 {[%clk 0:55:57]} 21. f4 {[%clk 1:02:43]} Ne4 {[%clk
0:51:17]} 22. Na2 {[%clk 1:02:30]} Qf6 {[%clk 0:41:21]} 23. Ndc1 {[%clk 1:02:31]}
Kh7 {[%clk 0:38:02]} 24. Nb3 {[%clk 1:01:59]} Rac8 {[%clk 0:33:31]} 25. Bd3
{[%clk 1:02:11]} Nb8 {[%clk 0:30:42]} 26. Rc1 {[%clk 1:02:27]} Rc7 {[%clk
0:30:19]} 27. Rc2 {[%clk 1:01:48]} Rg7 {[%clk 0:29:11]} 28. Bxe4 {[%clk 0:51:52]}
dxe4 {[%clk 0:27:04]} 29. Qa1 {[%clk 0:51:11]} Rd8 {[%clk 0:24:37]} 30. Na5
{[%clk 0:50:59]} gxf4 {[%clk 0:23:54]} 31. Rxf4 {[%clk 0:51:19]} Re7 {[%clk
0:23:35]} 32. Nc4 {[%clk 0:51:41]} Rg8 {[%clk 0:19:47]} 33. Nc3 {[%clk 0:50:41]}
Qg7 {[%clk 0:18:29]} 34. Ne2 {[%clk 0:49:46]} Nd7 {[%clk 0:13:47]} 35. Ng3 {[%clk
0:46:47]} Nf6 {[%clk 0:12:41]} 36. Qe1 {[%clk 0:40:05]} Nd5 {[%clk 0:11:32]} 37.
Rff2 {[%clk 0:40:26]} f4 {[%clk 0:05:07]} 38. exf4 {[%clk 0:38:59]} Qxd4 {[%clk
0:03:52]} 39. Ne2 {[%clk 0:38:31]} Qd3 {[%clk 0:03:04]} 40. Nc1 {[%clk 1:08:45]}
Qd4 {[%clk 0:32:24]} 41. Nb3 {[%clk 1:06:07]} Qf6 {[%clk 0:30:54]} 42. Ne3 {[%clk
1:04:05]} Bf5 {[%clk 0:30:22]} 43. Kh1 {[%clk 1:04:05]} 1/2-1/2

[Event "65+ World Senior Team Championship"]
[Site "chess24.com"]
[Date "2017.04.24"]
[Round "1"]
[White "Mortensen, Steen Juul"]
[Black "Letzelter, Jean-Claude"]
[Result "0-1"]
[Board "4"]
[WhiteElo "1954"]
[WhiteCountry "DEN"]
[WhiteFideId "1408143"]
[WhiteEloChange "-5"]
[BlackElo "2134"]
[BlackTitle "FM"]
[BlackCountry "FRA"]
[BlackFideId "600652"]
[BlackEloChange "5"]

1. d4 {[%clk 1:30:57]} d5 {[%clk 1:30:58]} 2. Nf3 {[%clk 1:31:15]} Nf6 {[%clk
1:30:26]} 3. c4 {[%clk 1:31:21]} e6 {[%clk 1:30:47]} 4. g3 {[%clk 1:31:05]} Nbd7
{[%clk 1:30:55]} 5. Bg2 {[%clk 1:30:22]} Be7 {[%clk 1:30:08]} 6. O-O {[%clk
1:29:53]} O-O {[%clk 1:30:22]} 7. Qc2 {[%clk 1:29:14]} c6 {[%clk 1:28:48]} 8.
Nbd2 {[%clk 1:28:29]} Re8 {[%clk 1:22:03]} 9. b3 {[%clk 1:26:57]} Bd6 {[%clk
1:16:45]} 10. Bb2 {[%clk 1:17:17]} e5 {[%clk 1:16:05]} 11. dxe5 {[%clk 1:05:19]}
Nxe5 {[%clk 1:16:30]} 12. h3 {[%clk 0:57:21]} Nxf3+ {[%clk 1:06:31]} 13. Nxf3
{[%clk 0:56:31]} dxc4 {[%clk 1:06:20]} 14. Qxc4 {[%clk 0:55:20]} Be6 {[%clk
1:06:23]} 15. Qc3 {[%clk 0:48:37]} Bd5 {[%clk 1:05:59]} 16. e3 {[%clk 0:45:11]}
Bf8 {[%clk 1:03:52]} 17. Rad1 {[%clk 0:40:07]} Qe7 {[%clk 1:03:23]} 18. Nd2
{[%clk 0:26:34]} Bxg2 {[%clk 1:02:46]} 19. Kxg2 {[%clk 0:27:03]} Nd5 {[%clk
0:54:42]} 20. Qc2 {[%clk 0:25:44]} Qxe3 {[%clk 0:53:38]} 21. Rfe1 {[%clk
0:16:44]} Qh6 {[%clk 0:49:42]} 22. Nc4 {[%clk 0:14:59]} Nb4 {[%clk 0:42:55]} 23.
Qf5 {[%clk 0:07:47]} Rxe1 {[%clk 0:34:20]} 24. Rxe1 {[%clk 0:08:15]} Qg6 {[%clk
0:34:42]} 25. Qxg6 {[%clk 0:05:30]} hxg6 {[%clk 0:34:35]} 26. Rd1 {[%clk
0:05:01]} Nd5 {[%clk 0:29:02]} 27. Na5 {[%clk 0:05:18]} Bb4 {[%clk 0:28:19]} 28.
Nc4 {[%clk 0:05:16]} Re8 {[%clk 0:24:14]} 29. a3 {[%clk 0:05:07]} Bf8 {[%clk
0:20:47]} 30. Rd2 {[%clk 0:04:25]} f6 {[%clk 0:18:41]} 31. Na5 {[%clk 0:04:05]}
Rd8 {[%clk 0:15:46]} 32. Kf3 {[%clk 0:04:33]} Rd7 {[%clk 0:16:08]} 33. Rc2 {[%clk
0:04:09]} Be7 {[%clk 0:15:03]} 34. b4 {[%clk 0:03:21]} Nb6 {[%clk 0:14:39]} 35.
Ke2 {[%clk 0:02:41]} Na4 {[%clk 0:14:24]} 36. Bc1 {[%clk 0:02:32]} c5 {[%clk
0:12:40]} 37. b5 {[%clk 0:02:35]} Kf7 {[%clk 0:09:13]} 38. Be3 {[%clk 0:01:59]}
Rc7 {[%clk 0:06:16]} 39. Bf4 {[%clk 0:02:13]} Rd7 {[%clk 0:06:28]} 40. Be3 {[%clk
0:32:40]} Bd8 {[%clk 0:36:33]} 41. Nc4 {[%clk 0:27:44]} Ke6 {[%clk 0:32:12]} 42.
f3 {[%clk 0:23:00]} g5 {[%clk 0:30:07]} 43. Nd2 {[%clk 0:16:47]} Be7 {[%clk
0:27:22]} 44. Ne4 {[%clk 0:14:37]} Rc7 {[%clk 0:20:06]} 45. Rc4 {[%clk 0:10:52]}
Nb6 {[%clk 0:19:53]} 46. Rc2 {[%clk 0:05:52]} Nd5 {[%clk 0:17:21]} 47. Bc1 {[%clk
0:06:10]} b6 {[%clk 0:16:41]} 48. Kd3 {[%clk 0:06:01]} Rd7 {[%clk 0:15:31]} 49.
Kc4 {[%clk 0:05:58]} Bd8 {[%clk 0:12:09]} 50. Re2 {[%clk 0:06:12]} Kf7 {[%clk
0:12:10]} 51. Bd2 {[%clk 0:03:48]} Bc7 {[%clk 0:11:07]} 52. Bc1 {[%clk 0:03:57]}
Bb8 {[%clk 0:09:06]} 53. Re1 {[%clk 0:04:17]} Ne7 {[%clk 0:09:13]} 54. Be3 {[%clk
0:04:41]} Ng6 {[%clk 0:08:57]} 55. Kc3 {[%clk 0:03:02]} Be5+ {[%clk 0:07:54]} 56.
Kc2 {[%clk 0:03:30]} Ne7 {[%clk 0:07:03]} 57. f4 {[%clk 0:03:24]} gxf4 {[%clk
0:06:59]} 58. gxf4 {[%clk 0:03:47]} Bd4 {[%clk 0:05:38]} 59. Bd2 {[%clk 0:04:14]}
Nf5 {[%clk 0:04:56]} 60. Re2 {[%clk 0:04:15]} Rd8 {[%clk 0:04:52]} 61. Rh2 {[%clk
0:02:50]} Rh8 {[%clk 0:04:56]} 62. Kd3 {[%clk 0:03:13]} Ke6 {[%clk 0:04:51]} 63.
Kc4 {[%clk 0:02:59]} Rh4 {[%clk 0:04:37]} 64. Kd3 {[%clk 0:03:20]} g6 {[%clk
0:04:30]} 65. Rh1 {[%clk 0:02:39]} Ne7 {[%clk 0:04:46]} 66. Bc3 {[%clk 0:01:23]}
Bxc3 {[%clk 0:04:40]} 0-1